000 00571cam a22002053a 4500
001 43926
003 PGUSA
005 20140828084012.0
008 131010s2013||||xxu|||||s|||||000 | eng d
040 _aPGUSA
_beng
042 _adc
100 1 _aCarpentier, N.-J.
245 1 0 _aDictionnaire du bon langage
_h[electronic resource] /
_cN.-J. Carpentier
260 _bProject Gutenberg,
_c2013
506 _aPublic domain in the USA.
516 _aElectronic text
830 0 _aProject Gutenberg
_v43926
856 4 0 _uhttp://www.gutenberg.org/ebooks/43926
942 _cEB
999 _c273177
_d273177